[Event "1st 4NCL Easter Congress"]
[Site "Stevenage"]
[Date "2019.04.20"]
[Round "2"]
[Board "9"]
[White "Burgoyne, Peter A"]
[Black "Gibson, Christopher A"]
[Result "1/2-1/2"]
[WhiteElo "1633"]
[BlackElo "1887"]
[PlyCount "132"]
[EventDate "2019.04.19"]
[EventRounds "7"]
[EventCountry "ENG"]

1. e4 {[%emt 0:00:49]} e5 {[%emt 0:00:13]} 2. Nf3 {[%emt 0:00:15]} Nc6 {[%emt
0:00:07]} 3. d4 {[%emt 0:00:04]} exd4 {[%emt 0:00:13]} 4. Bc4 {[%emt 0:00:46]}
Nf6 {[%emt 0:01:01]} 5. e5 {[%emt 0:00:41]} d5 {[%emt 0:00:28]} 6. Bb5 {[%emt
0:01:32]} Ne4 {[%emt 0:00:35]} 7. Nxd4 {[%emt 0:01:37]} Bc5 {[%emt 0:00:42]} 8.
O-O {[%emt 0:01:39]} O-O {[%emt 0:08:42]} 9. Nxc6 {[%emt 0:01:23]} bxc6 {[%emt
0:00:12]} 10. Bd3 {[%emt 0:06:47]} Qh4 {[%emt 0:12:27]} 11. Be3 {[%emt 0:11:25]
} Bxe3 {[%emt 0:11:31]} 12. fxe3 {[%emt 0:00:06]} Qg5 {[%emt 0:01:54]} 13. Rf4
{[%emt 0:06:17]} Qxe5 {[%emt 0:05:35]} 14. Bxe4 {[%emt 0:05:27]} dxe4 {[%emt 0:
02:06]} 15. Nc3 {[%emt 0:02:36]} Qc5 {[%emt 0:12:16]} 16. Rxe4 {[%emt 0:04:30]}
Bf5 {[%emt 0:03:08]} 17. Qd4 {[%emt 0:00:47]} Qxd4 {[%emt 0:05:48]} 18. Rxd4 {
[%emt 0:00:06]} Bxc2 {[%emt 0:08:39]} 19. Rc1 {[%emt 0:01:59]} Bg6 {[%emt 0:01:
04]} 20. Na4 {[%emt 0:04:33]} Rfe8 {[%emt 0:01:43]} 21. Kf2 {[%emt 0:00:40]}
Re7 {[%emt 0:01:03]} 22. Rc3 {[%emt 0:02:45]} c5 23. Rxc5 {[%emt 0:00:00]} Rae8
{[%emt 0:00:34]} 24. Rc3 {[%emt 0:00:31]} Be4 {[%emt 0:07:27]} 25. Nc5 {[%emt
0:01:36]} f5 {[%emt 0:01:13]} 26. g3 {[%emt 0:03:05]} c6 {[%emt 0:06:07]} 27.
Nxe4 {[%emt 0:01:59]} fxe4 {[%emt 0:00:56]} 28. Rxc6 {[%emt 0:00:18]} Rf7+ {
[%emt 0:00:24]} 29. Kg2 {[%emt 0:01:27]} h5 {[%emt 0:03:30]} 30. Rcd6 {[%emt 0:
03:21]} Kh7 {[%emt 0:00:54]} 31. Rd7 {[%emt 0:01:31]} Rxd7 {[%emt 0:01:53]} 32.
Rxd7 {[%emt 0:00:07]} Rb8 {[%emt 0:00:09]} 33. Rd2 {[%emt 0:02:05]} g5 {[%emt
0:01:31]} 34. b3 {[%emt 0:00:26]} Kg6 {[%emt 0:00:23]} 35. h3 {[%emt 0:02:34]}
Kf6 {[%emt 0:00:46]} 36. Rd6+ {[%emt 0:02:09]} Kf5 {[%emt 0:00:37]} 37. Rd5+ {
[%emt 0:02:29]} Kf6 {[%emt 0:00:18]} 38. Rd7 {[%emt 0:01:48]} Rc8 {[%emt 0:00:
11]} 39. Rxa7 {[%emt 0:00:24]} Rc2+ {[%emt 0:00:03]} 40. Kf1 {[%emt 0:01:15]}
Rc1+ {[%emt 0:00:55]} 41. Ke2 {[%emt 0:00:20]} Rc2+ {[%emt 0:00:09]} 42. Kd1 {
[%emt 0:00:23]} Rh2 {[%emt 0:00:22]} 43. Ra6+ {[%emt 0:00:53]} Ke5 {[%emt 0:00:
40]} 44. Ra5+ {[%emt 0:00:24]} Kf6 {[%emt 0:00:07]} 45. h4 {[%emt 0:07:27]}
gxh4 {[%emt 0:00:13]} 46. gxh4 {[%emt 0:00:07]} Rxh4 {[%emt 0:00:08]} 47. Ke2 {
[%emt 0:00:28]} Rh2+ {[%emt 0:00:22]} 48. Kf1 {[%emt 0:00:14]} h4 {[%emt 0:00:
24]} 49. a4 {[%emt 0:03:31]} Rb2 {[%emt 0:02:08]} 50. Rb5 {[%emt 0:02:09]} h3 {
[%emt 0:00:08]} 51. Kg1 {[%emt 0:00:17]} Re2 {[%emt 0:00:21]} 52. a5 {[%emt 0:
03:11]} Rxe3 {[%emt 0:00:06]} 53. a6 {[%emt 0:00:49]} Re1+ {[%emt 0:02:03]} 54.
Kh2 {[%emt 0:01:00]} Ra1 {[%emt 0:00:03]} 55. Rb6+ {[%emt 0:05:16]} Kf5 {[%emt
0:00:08]} 56. Kxh3 {[%emt 0:00:28]} e3 {[%emt 0:00:16]} 57. Rb8 {[%emt 0:03:16]
} Rxa6 {[%emt 0:00:35]} 58. Re8 {[%emt 0:00:39]} Kf4 {[%emt 0:00:43]} 59. Kg2 {
[%emt 0:00:38]} Rb6 {[%emt 0:01:57]} 60. Rf8+ {[%emt 0:00:13]} Ke4 {[%emt 0:00:
03]} 61. Re8+ {[%emt 0:00:15]} Kd3 {[%emt 0:00:03]} 62. Kf1 {[%emt 0:02:06]}
Rxb3 {[%emt 0:01:29]} 63. Rd8+ {[%emt 0:00:07]} Kc2 {[%emt 0:00:34]} 64. Ke2 {
[%emt 0:01:04]} Rc3 {[%emt 0:00:32]} 65. Re8 {[%emt 0:00:08]} Rb3 {[%emt 0:00:
10]} 66. Rxe3 {[%emt 0:00:14]} Rxe3+ {[%emt 0:00:17]}  1/2-1/2

[Event "1st 4NCL Easter Congress"]
[Site "Stevenage"]
[Date "2019.04.20"]
[Round "2"]
[Board "10"]
[White "Flynn, David"]
[Black "Kolani, Arjun"]
[Result "1/2-1/2"]
[WhiteElo "1871"]
[BlackElo "1598"]
[PlyCount "80"]
[EventDate "2019.04.19"]
[EventRounds "7"]
[EventCountry "ENG"]

1. e4 {[%emt 0:04:40]} e5 {[%emt 0:00:34]} 2. Nf3 {[%emt 0:00:03]} Nc6 {[%emt
0:00:08]} 3. Bb5 {[%emt 0:00:06]} a6 {[%emt 0:00:16]} 4. Ba4 {[%emt 0:00:03]}
Nf6 {[%emt 0:00:14]} 5. O-O {[%emt 0:00:04]} b5 {[%emt 0:00:05]} 6. Bb3 {[%emt
0:00:03]} Bc5 {[%emt 0:00:06]} 7. d3 {[%emt 0:01:37]} d6 {[%emt 0:00:08]} 8.
Nc3 {[%emt 0:00:17]} h6 {[%emt 0:00:06]} 9. a4 {[%emt 0:03:27]} Rb8 {[%emt 0:
02:33]} 10. axb5 {[%emt 0:01:28]} axb5 {[%emt 0:00:08]} 11. h3 {[%emt 0:11:10]}
Bd7 {[%emt 0:06:52]} 12. Bd2 {[%emt 0:01:14]} O-O {[%emt 0:05:15]} 13. Qe2 {
[%emt 0:05:31]} Ne7 {[%emt 0:01:27]} 14. Be3 {[%emt 0:02:36]} Bxe3 {[%emt 0:13:
54]} 15. fxe3 {[%emt 0:03:12]} Ng6 {[%emt 0:02:24]} 16. Qf2 {[%emt 0:15:31]}
Qe7 {[%emt 0:27:21]} 17. Qg3 {[%emt 0:06:57]} Kh7 {[%emt 0:03:02]} 18. Ra7 {
[%emt 0:02:56]} Rfc8 {[%emt 0:05:13]} 19. Rfa1 {[%emt 0:03:42]} Be6 {[%emt 0:
01:51]} 20. Nd2 {[%emt 0:17:26]} Bxb3 {[%emt 0:01:56]} 21. Nxb3 {[%emt 0:00:07]
} Qe6 {[%emt 0:01:16]} 22. Qf2 {[%emt 0:04:59]} Kg8 {[%emt 0:04:06]} 23. Nd2 {
[%emt 0:01:23]} c5 {[%emt 0:02:33]} 24. b3 {[%emt 0:00:28]} Ne7 {[%emt 0:04:27]
} 25. R7a5 {[%emt 0:02:40]} Qd7 {[%emt 0:02:24]} 26. Ra7 {[%emt 0:01:52]} Qe8 {
[%emt 0:00:35]} 27. R7a5 {[%emt 0:01:32]} Rb6 {[%emt 0:04:36]} 28. Ra6 {[%emt
0:02:02]} Rcb8 {[%emt 0:02:25]} 29. Rxb6 {[%emt 0:00:11]} Rxb6 {[%emt 0:00:04]}
30. Qe1 {[%emt 0:00:32]} Nc6 {[%emt 0:00:58]} 31. Nf3 {[%emt 0:01:18]} Qb8 {
[%emt 0:02:42]} 32. Qd1 {[%emt 0:01:15]} b4 {[%emt 0:02:41]} 33. Nd5 {[%emt 0:
02:02]} Nxd5 {[%emt 0:00:16]} 34. exd5 {[%emt 0:00:01]} Na7 {[%emt 0:02:12]}
35. e4 {[%emt 0:00:15]} Nb5 {[%emt 0:00:10]} 36. Ne1 {[%emt 0:00:35]} Qb7 {
[%emt 0:01:36]} 37. Kf2 {[%emt 0:00:57]} Ra6 {[%emt 0:00:56]} 38. Rxa6 {[%emt
0:00:44]} Qxa6 {[%emt 0:00:08]} 39. Qg4 {[%emt 0:01:17]} Qb7 {[%emt 0:00:24]}
40. Qh4 {[%emt 0:00:40]} Qd7 {[%emt 0:00:49]}  1/2-1/2

[Event "1st 4NCL Easter Congress"]
[Site "Stevenage"]
[Date "2019.04.20"]
[Round "2"]
[Board "11"]
[White "Chiang, Richard"]
[Black "Cherupalli, Ramprasad"]
[Result "1/2-1/2"]
[WhiteElo "1569"]
[BlackElo "1859"]
[PlyCount "90"]
[EventDate "2019.04.19"]
[EventRounds "7"]
[EventCountry "ENG"]

1. d4 d5 2. Bf4 Nf6 3. e3 c5 4. c3 Qb6 5. Qb3 Qxb3 6. axb3 Nc6 7. h3 Bf5 8. Nd2
Rc8 9. Ngf3 e6 10. Nh4 Bc2 11. Rc1 Be4 12. f3 Bf5 13. Nxf5 exf5 14. Bd3 g6 15.
O-O Nh5 16. Bh2 Bh6 17. Kf2 cxd4 18. cxd4 O-O 19. g4 f4 20. e4 Ng3 21. Rfd1
dxe4 22. Bxe4 Nxd4 23. Bxb7 Rb8 24. Bd5 Rfe8 25. Re1 Rxe1 26. Rxe1 Nde2 27. Ne4
Rd8 28. Bc4 Nxe4+ 29. fxe4 Nd4 30. h4 g5 31. hxg5 Bxg5 32. Rd1 Kf8 33. Bd5 Nc2
34. Kf3 Ne3 35. Rd3 Nxd5 36. exd5 Bf6 37. Bxf4 Bxb2 38. Ke4 Ke7 39. Kf5 Kd7 40.
Be5 Bxe5 41. Kxe5 Rg8 42. Kf5 h6 43. Rd4 Rg6 44. Ra4 a6 45. Rf4 Ke7  1/2-1/2

[Event "1st 4NCL Easter Congress"]
[Site "Stevenage"]
[Date "2019.04.20"]
[Round "2"]
[Board "12"]
[White "Zhu, Hou Ning"]
[Black "Slinger, Aj (Tony)"]
[Result "0-1"]
[WhiteElo "1475"]
[BlackElo "1859"]
[PlyCount "98"]
[EventDate "2019.04.19"]
[EventRounds "7"]
[EventCountry "ENG"]

1. c4 Nf6 2. g3 c6 3. Bg2 d5 4. Nf3 g6 5. O-O Bg7 6. d4 O-O 7. Nc3 Re8 8. Ne5
e6 9. b3 Nbd7 10. f4 Nf8 11. Bb2 N6d7 12. e3 f5 13. Qe2 Nf6 14. Rfd1 N8d7 15.
Rac1 Qe7 16. a3 Bf8 17. b4 Nxe5 18. dxe5 Ne4 19. Nxe4 fxe4 20. b5 Bd7 21. cxd5
exd5 22. Rd4 Rec8 23. Qd2 Be6 24. bxc6 Rxc6 25. Rxc6 bxc6 26. Bf1 Qb7 27. Ra4
Bc5 28. Bd4 Bxd4 29. Rxd4 a5 30. Qc2 Qb6 31. Kf2 Rb8 32. Rd1 c5 33. Rc1 Qb2 34.
Be2 Qxc2 35. Rxc2 c4 36. Ke1 Rb3 37. Kd2 Kf8 38. Rc3 Rb8 39. g4 Ke7 40. h4 Kd7
41. Bd1 Kc6 42. g5 Kc5 43. Bc2 d4 44. exd4+ Kxd4 45. Re3 Bf5 46. Rg3 e3+ 47.
Rxe3 Bxc2 48. e6 Ba4 49. Re1 c3+  0-1

[Event "1st 4NCL Easter Congress"]
[Site "Stevenage"]
[Date "2019.04.20"]
[Round "2"]
[Board "13"]
[White "Bagley, Andy J"]
[Black "Sandhu, Manvith"]
[Result "1-0"]
[WhiteElo "1853"]
[BlackElo "1564"]
[PlyCount "81"]
[EventDate "2019.04.19"]
[EventRounds "7"]
[EventCountry "ENG"]

1. d4 d5 2. c4 c6 3. Nf3 Nf6 4. Nc3 e6 5. Bg5 h6 6. Bxf6 Qxf6 7. e3 g6 8. Bd3
dxc4 9. Bxc4 b5 10. Bd3 Nd7 11. O-O Bg7 12. Ne4 Qe7 13. Rc1 Bb7 14. Nc5 Nxc5
15. Rxc5 O-O 16. Qc2 f5 17. Rc1 Rac8 18. Ne5 Bxe5 19. Rxe5 Rfe8 20. Be2 c5 21.
Rxc5 Rxc5 22. dxc5 Qg5 23. Bf1 Bc6 24. b4 Qg4 25. a3 a6 26. Rd1 Bd5 27. Rd4 Qg5
28. f4 Qf6 29. a4 Rb8 30. axb5 axb5 31. c6 Qe7 32. Bxb5 Qc7 33. Ba4 Rc8 34. b5
Qa5 35. Qd2 Qb6 36. Kf2 Qc5 37. Qb2 g5 38. Qb4 Qc1 39. Rd1 Qc4 40. Qxc4 Bxc4
41. b6  1-0

[Event "1st 4NCL Easter Congress"]
[Site "Stevenage"]
[Date "2019.04.20"]
[Round "2"]
[Board "14"]
[White "Cawston, M John"]
[Black "Valjee, Ashir V"]
[Result "1/2-1/2"]
[WhiteElo "1837"]
[BlackElo "1462"]
[PlyCount "137"]
[EventDate "2019.04.19"]
[EventRounds "7"]
[EventCountry "ENG"]

1. e4 c5 2. Nf3 g6 3. d4 cxd4 4. Nxd4 Nf6 5. Nc3 d6 6. f3 Bg7 7. Be3 Nc6 8. Qd2
O-O 9. O-O-O Bd7 10. g4 Rc8 11. Kb1 Ne5 12. Be2 a6 13. h4 b5 14. h5 b4 15. Nd5
Nxd5 16. exd5 Nc4 17. Bxc4 Rxc4 18. hxg6 fxg6 19. Qh2 Kf7 20. Qxh7 Rh8 21. Ne6
Rxh7 22. Nxd8+ Kg8 23. Rxh7 Kxh7 24. Bg5 Bf6 25. Bxf6 exf6 26. Ne6 Bc8 27. Rd4
Rxd4 28. Nxd4 Bb7 29. Nc6 a5 30. c4 bxc3 31. bxc3 Kh6 32. Kc2 Kg5 33. Kd3 Kf4
34. Ke2 Ba6+ 35. Kf2 Bc4 36. Ne7 Bxa2 37. Nxg6+ Kg5 38. Ne7 Kf4 39. Ng6+ Kg5
40. Ne7 a4 41. Ke3 a3 42. Nc6 Bxd5 43. Nd4 a2 44. Nc2 Bb3 45. Na1 Bd1 46. Ke4
d5+ 47. Kxd5 Bxf3+ 48. Kd4 Kxg4 49. c4 f5 50. Kc3 Be2 51. Nc2 f4 52. c5 Bb5 53.
Kb2 f3 54. Ne3+ Kf4 55. Nd1 Ba4 56. Nf2 Ke3 57. Ng4+ Kd4 58. Kxa2 Kxc5 59. Kb2
Kd4 60. Kc1 Kc3 61. Nf2 Bb3 62. Ng4 Kd4 63. Kd2 Ke4 64. Nf2+ Kf4 65. Ke1 Bc4
66. Nh1 Ke3 67. Nf2 Be6 68. Nd1+ Kd3 69. Kf2  1/2-1/2

[Event "1st 4NCL Easter Congress"]
[Site "Stevenage"]
[Date "2019.04.20"]
[Round "2"]
[Board "15"]
[White "Shenbagakumar, Gautham"]
[Black "Stephenson, David W"]
[Result "0-1"]
[WhiteElo "1507"]
[BlackElo "1829"]
[PlyCount "118"]
[EventDate "2019.04.19"]
[EventRounds "7"]
[EventCountry "ENG"]

1. e4 e5 2. Nf3 Nc6 3. Bc4 Nf6 4. Ng5 d5 5. exd5 b5 6. Bb3 Nd4 7. d6 Nxb3 8.
dxc7 Qxc7 9. axb3 h6 10. Nf3 e4 11. Nd4 Bc5 12. Nxb5 Bxf2+ 13. Kxf2 Qb6+ 14.
Kf1 Bg4 15. Qe1 Qxb5+ 16. Kg1 Qc5+ 17. Qf2 Qxc2 18. Nc3 O-O 19. h3 Be6 20. Kh2
Bxb3 21. Re1 a5 22. Re3 a4 23. g4 Rfd8 24. Rg3 Ra5 25. Kh1 Rd3 26. Rg2 Rf3 27.
Qe2 Rc5 28. d4 Qxe2 29. Rxe2 Ra5 30. Kg2 Bc4 31. Re1 h5 32. Nxe4 hxg4 33. hxg4
Rd3 34. Bd2 Rb5 35. Bc3 Nxe4 36. Rxe4 Bd5 37. Rae1 a3 38. bxa3 Rxc3 39. Kf2
Bxe4 40. Rxe4 Rb2+ 41. Re2 Rxe2+ 42. Kxe2 Rxa3 43. d5 Kf8 44. d6 Ke8 45. d7+
Kxd7 46. Kd2 Rg3 47. Ke2 Rxg4 48. Kf3 Ra4 49. Ke3 Ke6 50. Kd3 Ke5 51. Kc3 g5
52. Kb3 Rd4 53. Kc3 g4 54. Kc2 g3 55. Kb3 g2 56. Kc3 g1=Q 57. Kb3 Qe3+ 58. Ka2
Rd2+ 59. Kb1 Qe1#  0-1

[Event "1st 4NCL Easter Congress"]
[Site "Stevenage"]
[Date "2019.04.20"]
[Round "2"]
[Board "16"]
[White "Singha, Swati"]
[Black "Kapoor, Gurveen"]
[Result "0-1"]
[WhiteElo "1427"]
[BlackElo "1764"]
[PlyCount "94"]
[EventDate "2019.04.19"]
[EventRounds "7"]
[EventCountry "ENG"]

1. e4 e6 2. Nf3 c5 3. Nc3 d6 4. a3 Nf6 5. Bb5+ Bd7 6. d3 Bxb5 7. Nxb5 Nc6 8.
O-O a6 9. Nc3 Be7 10. b3 Nd7 11. Bb2 Bf6 12. Na4 b5 13. Nc3 h5 14. Qd2 g5 15.
Nd1 g4 16. Ne1 Bxb2 17. Nxb2 Qf6 18. Rb1 h4 19. f4 gxf3 20. Nxf3 Nd4 21. Ng5
Ne2+ 22. Kh1 Qg6 23. Rbe1 Rg8 24. Rxe2 Qxg5 25. Qxg5 Rxg5 26. Rf4 Rh5 27. Ref2
Rh7 28. a4 Ke7 29. R2f3 Ne5 30. Rh3 c4 31. Rfxh4 Rxh4 32. Rxh4 cxb3 33. cxb3
Rc8 34. h3 Rc2 35. axb5 axb5 36. Rh8 Rxb2 37. h4 Rxb3 38. h5 Rxd3 39. Rb8 Rg3
40. h6 Rg4 41. Rh8 Ng6 42. Rh7 Rxe4 43. Kh2 Kf8 44. g3 b4 45. Kh3 b3 46. g4 b2
47. Rg7 b1=Q  0-1

[Event "1st 4NCL Easter Congress"]
[Site "Stevenage"]
[Date "2019.04.20"]
[Round "2"]
[Board "18"]
[White "Procter, Colin S"]
[Black "Nwachukwu, Chino"]
[Result "1-0"]
[WhiteElo "1776"]
[BlackElo "1899"]
[PlyCount "107"]
[EventDate "2019.04.19"]
[EventRounds "7"]
[EventCountry "ENG"]

1. c4 Nf6 2. g3 d5 3. cxd5 Qxd5 4. Nf3 Nc6 5. Nc3 Qa5 6. Bg2 e5 7. d3 Be7 8.
Bd2 Qb6 9. Rb1 O-O 10. O-O h6 11. Qa4 a6 12. Be3 Bc5 13. Bxc5 Qxc5 14. Ne4 Nxe4
15. Qxe4 f5 16. Qa4 Be6 17. Rfc1 Qd6 18. a3 Rad8 19. Rd1 Kh8 20. e3 Bc8 21.
Rbc1 b5 22. Qc2 Rf6 23. Qc5 Qxc5 24. Rxc5 e4 25. Ne1 Rfd6 26. d4 Be6 27. b4 g6
28. Rdc1 Bc4 29. Bf1 Bd5 30. Rxd5 Rxd5 31. Rxc6 R5d6 32. Rxc7 R8d7 33. Rc5 Kg7
34. Nc2 Rd5 35. Rc3 Kf6 36. Na1 Ke6 37. Nb3 Ra7 38. Rc6+ Rd6 39. Rc8 Kd5 40.
Rc5+ Ke6 41. Be2 Rd5 42. Rc8 Rd6 43. Bd1 h5 44. Nc5+ Kf6 45. h4 a5 46. bxa5
Rxa5 47. Nb7 Rxa3 48. Nxd6 Ra1 49. Nxb5 Rxd1+ 50. Kg2 Rb1 51. Nc3 Rb7 52. Rc6+
Kg7 53. Nd5 Rb5 54. Nf4  1-0

[Event "1st 4NCL Easter Congress"]
[Site "Stevenage"]
[Date "2019.04.20"]
[Round "2"]
[Board "19"]
[White "Sheikh, Anum"]
[Black "Hughes, Peter"]
[Result "1/2-1/2"]
[WhiteElo "1651"]
[BlackElo "1820"]
[PlyCount "100"]
[EventDate "2019.04.19"]
[EventRounds "7"]
[EventCountry "ENG"]

1. e4 d6 2. d4 Nf6 3. Nc3 e5 4. Nf3 exd4 5. Nxd4 Be7 6. Be2 O-O 7. O-O Re8 8.
f4 c5 9. Nf3 Nc6 10. h3 Bf8 11. e5 dxe5 12. Qxd8 Rxd8 13. Nxe5 Nd4 14. Bd3 Bf5
15. Rf2 Rac8 16. Bxf5 Nxf5 17. g4 Nd4 18. Be3 Nd5 19. Nxd5 Rxd5 20. c4 Rdd8 21.
Kg2 f6 22. Nf3 Nc6 23. Rd2 Rxd2+ 24. Nxd2 Re8 25. Kf2 Nb4 26. Rg1 Nc2 27. Rg3
Bd6 28. a3 g5 29. Rf3 Nxe3 30. Rxe3 Rxe3 31. Kxe3 Bxf4+ 32. Kd3 Bxd2 33. Kxd2
Kf7 34. Kd3 Ke6 35. Ke4 h6 36. b4 b6 37. b5 f5+ 38. gxf5+ Kf6 39. Kd5 h5 40.
Kc6 g4 41. hxg4 hxg4 42. Kb7 g3 43. Kxa7 g2 44. Kxb6 g1=Q 45. a4 Qd4 46. a5
Qd6+ 47. Kb7 Kxf5 48. a6 Qd7+ 49. Kb6 Qd8+ 50. Kb7 Qd5+  1/2-1/2

[Event "1st 4NCL Easter Congress"]
[Site "Stevenage"]
[Date "2019.04.20"]
[Round "2"]
[Board "20"]
[White "Jacob, Sydney J"]
[Black "Somton, Anita"]
[Result "0-1"]
[WhiteElo "1820"]
[BlackElo "1780"]
[PlyCount "114"]
[EventDate "2019.04.19"]
[EventRounds "7"]
[EventCountry "ENG"]

1. d4 d5 2. c4 e6 3. Nf3 Nf6 4. g3 Be7 5. Bg2 O-O 6. O-O Nbd7 7. cxd5 exd5 8.
Nc3 c6 9. Qc2 Re8 10. Re1 Nf8 11. a3 Ng6 12. b4 a6 13. Bg5 Ne4 14. Bxe7 Qxe7
15. Nd2 f5 16. e3 Be6 17. f3 Nxc3 18. Qxc3 Rad8 19. Nb3 Qf6 20. a4 Kh8 21. Rac1
Ne7 22. Qc5 Nc8 23. Kf2 Nd6 24. Qc2 Bf7 25. Qd3 Bg6 26. f4 Re7 27. Nd2 Bh5 28.
Bf3 Bxf3 29. Nxf3 Rde8 30. Nd2 Re6 31. Re2 Qh6 32. Kg1 Qh5 33. Rce1 Qg4 34. Rf2
Rh6 35. Qe2 Qg6 36. Qd3 Re7 37. Qb3 Qe8 38. Rfe2 Rhe6 39. Kf2 h5 40. Nf3 Rh6
41. Ng5 h4 42. Rg1 hxg3+ 43. hxg3 Nc4 44. Rg2 b5 45. axb5 axb5 46. Nf3 Ra7 47.
Ne5 Ra1 48. Ra2 Rah1 49. Ra7 Nxe5 50. dxe5 R6h2 51. Rxh2+ Rxh2+ 52. Ke1 Qh5 53.
Qd3 Qg4 54. e4 Rh1+ 55. Kf2 fxe4 56. Qe3 Qd1 57. Kg2 Qf1#  0-1

[Event "1st 4NCL Easter Congress"]
[Site "Stevenage"]
[Date "2019.04.20"]
[Round "2"]
[Board "21"]
[White "Shearsby, Jude"]
[Black "Gogia, Armaan"]
[Result "0-1"]
[WhiteElo "1290"]
[BlackElo "1816"]
[PlyCount "82"]
[EventDate "2019.04.19"]
[EventRounds "7"]
[EventCountry "ENG"]

1. d4 d5 2. Bf4 c5 3. e3 Nc6 4. Nf3 Nf6 5. Nbd2 Qb6 6. dxc5 Qxb2 7. Bd3 e6 8.
O-O Bxc5 9. Nb3 Be7 10. Qd2 Ne4 11. Bxe4 dxe4 12. Nfd4 Nxd4 13. exd4 Bd7 14. a3
Rc8 15. Rfc1 Qc3 16. Qe2 Qc6 17. Na5 Qd5 18. Nb3 Bb5 19. Qg4 Bf6 20. Be3 O-O
21. a4 Bc4 22. Nc5 b6 23. Nxe4 Bxd4 24. Rd1 Bxa1 25. Rxd5 Bxd5 26. h4 f5 27.
Qg5 fxe4 28. c3 Bxc3 29. h5 Rf6 30. Qg3 e5 31. h6 g6 32. Qg4 Rf5 33. Qh4 Re8
34. g4 Rf3 35. Kg2 Bd4 36. Bxd4 exd4 37. Qg5 Bc6 38. Kg1 e3 39. fxe3 dxe3 40.
a5 e2 41. Kh2 e1=Q  0-1

[Event "1st 4NCL Easter Congress"]
[Site "Stevenage"]
[Date "2019.04.20"]
[Round "3"]
[Board "1"]
[White "De Coverly, Roger D"]
[Black "Nelson, Omowale A"]
[Result "0-1"]
[WhiteElo "1953"]
[BlackElo "1953"]
[PlyCount "0"]
[EventDate "2019.04.19"]
[EventRounds "7"]
[EventCountry "ENG"]

1. e4 {[%clk 01:29:30]} {[%emt 00:00:56]} c6 {[%clk 01:30:52]} 2. Nc3 {[%clk
01:29:36]} d5 {[%clk 01:31:13]} 3. Nf3 {[%clk 01:30:00]} Bg4 {[%clk 01:31:22]}
4. h3 {[%clk 01:30:24]} Bxf3 {[%clk 01:31:41]} 5. Qxf3 {[%clk 01:30:48]} Nf6
{[%clk 01:32:03]} 6. d3 {[%clk 01:28:59]} e6 {[%clk 01:31:41]} 7. Qg3 {[%clk
01:27:51]} Nh5 {[%clk 01:29:55]} 8. Qg5 {[%clk 01:25:26]} Qxg5 {[%clk
01:28:45]} 9. Bxg5 {[%clk 01:25:50]} h6 {[%clk 01:29:03]} 10. Bd2 {[%clk
01:25:34]} Bd6 {[%clk 01:27:28]} 11. Be2 {[%clk 01:24:18]} Nf4 {[%clk
01:25:03]} 12. Bf3 {[%clk 01:23:35]} Nd7 {[%clk 01:23:59]} 13. g3 {[%clk
01:22:05]} Ne5 {[%clk 01:15:10]} 14. Bd1 {[%clk 01:22:14]} Nfg6 {[%clk
01:15:17]} 15. f4 {[%clk 01:19:46]} Nd7 {[%clk 01:15:22]} 16. Bf3 {[%clk
01:19:03]} a6 {[%clk 01:05:48]} 17. O-O {[%clk 01:17:37]} O-O-O {[%clk
00:56:57]} 18. Kg2 {[%clk 01:16:28]} h5 {[%clk 00:53:56]} 19. d4 {[%clk
01:12:33]} h4 {[%clk 00:47:31]} 20. f5 {[%clk 01:07:02]} exf5 {[%clk 00:42:54]}
21. exf5 {[%clk 01:03:38]} Ne7 {[%clk 00:40:37]} 22. g4 {[%clk 01:03:12]} Ng8
{[%clk 00:36:12]} 23. Ne2 {[%clk 01:00:01]} Ngf6 {[%clk 00:35:26]} 24. Bg5
{[%clk 00:58:36]} Rde8 {[%clk 00:35:22]} 25. Rae1 {[%clk 00:56:23]} {[%emt
00:01:48]} Ne4 {[%clk 00:34:47]} {[%emt 00:01:04]} 26. Bxe4 {[%clk 00:52:59]}
{[%emt 00:03:54]} Rxe4 {[%clk 00:34:50]} {[%emt 00:00:27]}  0-1